| 000 | 00892cam a22002295a 4500 | ||
|---|---|---|---|
| 008 | 241203t2021 xxk fo 000 0 eng d | ||
| 020 | _a9781783214518 | ||
| 041 | 0 | _aeng | |
| 110 | 2 |
_aRoyal Institution of Chartered Surveyors _94900 |
|
| 245 | 0 | 0 |
_aRICS Valuation Global Standards 2022 _h[electronic resource] |
| 260 |
_aLondon, _bRICS, _c2021 |
||
| 300 | _a296p. | ||
| 490 | _aRICS Red Book | ||
| 520 | _aPublished November 2021, effective from 31 Jan 2022 to 30 Jan 2025. | ||
| 520 | _aSuperseded from 31st Jan 2025 by Global Red Book 2025 ISBN 9781783215386 | ||
| 650 | 2 | 4 | _aRED BOOK |
| 650 | 2 | 4 | _aGLOBAL VALUATION STANDARDS 2022 |
| 651 | 4 | _aInternational | |
| 690 |
_aValuation _96273 |
||
| 856 | 4 | 0 |
_uhttps://www.rics.org/content/dam/ricsglobal/documents/standards/2021_11_25_rics_valuation_global_standards_effective_2022.pdf _zAvailable free on RICS.org |
| 942 |
_n0 _2ddc |
||
| 999 |
_c122065 _d122065 |
||